Dictionnaire historique des auteurs ecclésiastiques renfermant la vie des peres & des docteurs de l'Eglise ... avec le catalogue de leurs principaux ouvrages ... le tour suivi d'une table chronologique pour l'histoire de l'Eglise ... ;Tome premier [- quatrième]. (Registro nro. 153486)

Detalles MARC
000 -LEADER
campo de control de longitud fija 01006nam a2200181 i 4500
001 - NÚMERO DE CONTROL
campo de control 153486
003 - IDENTIFICADOR DE NÚMERO DE CONTROL
campo de control ES-MaACL
005 - FECHA Y HORA DE LA ÚLTIMA TRANSACCIÓN
campo de control 20230906205238.0
008 - DATOS DE LONGITUD FIJA--INFORMACIÓN GENERAL
campo de control de longitud fija 990601s1767 fr |||| | fre d
040 ## - FUENTE DE CATALOGACIÓN
Centro catalogador/agencia de origen CCPB | B
Lengua de catalogación spa
Centro/agencia transcriptor CCPB | B
245 00 - MENCIÓN DEL TÍTULO
Título Dictionnaire historique des auteurs ecclésiastiques renfermant la vie des peres & des docteurs de l'Eglise ... avec le catalogue de leurs principaux ouvrages ... le tour suivi d'une table chronologique pour l'histoire de l'Eglise ... ;Tome premier [- quatrième].
260 ## - PUBLICACIÓN, DISTRIBUCIÓN, ETC.
Lugar de publicación, distribución, etc. A Lyon :
Nombre del editor, distribuidor, etc. chez la veuve Bessiat, libraire,
Fecha de publicación, distribución, etc. 1767.
300 ## - DESCRIPCIÓN FÍSICA
Extensión 4 v. (XXIV, 364 p. ; [2] 270 p.; [2] 260 p.; [4], 254, 74 p ;
Dimensiones 8º.
597 ## - NOTA DE DESCRIPCIÓN FÍSICA
NOTA DE DESCRIPCIÓN FÍSICA Sign.: a2, b-c4, A-Z4, 2A-2Y4, 2Z2 ; []1, A-Z4, 2A-2K4, 2L3 ; []1, A-Z4, 2A-2I4, 2K2 ; *p2, A-Z4, 2A-2H4, 2I3, a-i4, k1.
597 ## - NOTA DE DESCRIPCIÓN FÍSICA
NOTA DE DESCRIPCIÓN FÍSICA Error de pág., empiezan a paginar en la p. 5 en vol. 1º.
650 #4 - PUNTO DE ACCESO ADICIONAL DE MATERIA--TÉRMINO DE MATERIA
Término de materia o nombre geográfico como elemento de entrada Religiosos-
Subdivisión general Biografías-
Subdivisión de forma Diccionarios.
9 (RLIN) 163567
852 ## - LOCALIZACIÓN
Ubicación ES-MaACL
Número de control de estantería R-424-27
Nota libre -- Enc. pasta
Encuadernación -- Olim: D-419-22
Existencias
Estatus retirado Estado de pérdida Estado de daño No para préstamo Colección Biblioteca de origen Biblioteca actual Ubicación en estantería Fecha de adquisición Fuente de adquisición Total de préstamos Signatura topográfica completa Código de barras Visto por última vez Precio de reemplazo Tipo de ítem Koha
        Libros del s. XVIII Biblioteca del Ateneo de Madrid Biblioteca del Ateneo de Madrid Depósito 17/01/2008     R-424 1160413 23/02/2023 23/02/2023 Libro impreso antiguo